Trung dung thuyết ước /

Gardado en:
Detalles Bibliográficos
Formato: Sách giấy
Idioma:Vietnamese
Publicado: Sài Gòn : Phủ Quốc vụ khanh Đặc trách Văn hóa , 1971
Các nhãn: Engadir etiqueta
Sen Etiquetas, Sexa o primeiro en etiquetar este rexistro!
Thư viện lưu trữ: Thư viện Trường Đại học Đà Lạt
LEADER 00599nam a2200241 4500
001 DLU020014035
005 ##6/25/2000
020 # # |a 978- 
041 # # |a vie 
082 # # |a 181.112  |b LE-N 
090 # # |a 181.112  |b LE-N 
245 # # |a Trung dung thuyết ước /  |c Nguyễn Duy Tinh, Lê Văn Ngữ 
260 # # |a Sài Gòn :  |b Phủ Quốc vụ khanh Đặc trách Văn hóa ,  |c 1971 
300 # # |a 282 tr.;   |c 24 cm. 
992 # # |a 423 
994 # # |a DLU 
900 # # |a False 
911 # # |a Administrator 
925 # # |a G 
926 # # |a A 
927 # # |a SH 
980 # # |a Thư viện Trường Đại học Đà Lạt